LIBRARY ONLINE CATALOGUE

Archimedes / (Record no. 14336)

MARC details
000 -LEADER
fixed length control field 00536nam a22001932 4500
001 - CONTROL NUMBER
control field 0000007556
005 - DATE AND TIME OF LATEST TRANSACTION
control field 20151217160114.0
008 - FIXED-LENGTH DATA ELEMENTS--GENERAL INFORMATION
fixed length control field 080215s xx 000 0 eng d
020 ## - INTERNATIONAL STANDARD BOOK NUMBER
International Standard Book Number 8171810977 :
Terms of availability KES 125
040 ## - CATALOGING SOURCE
Original cataloging agency KABU
Transcribing agency KABU
100 1# - MAIN ENTRY--PERSONAL NAME
Personal name Tiwari, Pratibha.
-- 0000158812
245 10 - TITLE STATEMENT
Title Archimedes /
Statement of responsibility, etc. Pratibha Tiwari.
260 ## - PUBLICATION, DISTRIBUTION, ETC. (IMPRINT)
Place of publication, distribution, etc. New Delhi :
Name of publisher, distributor, etc. Learners Press,
Date of publication, distribution, etc. 1994.
300 ## - PHYSICAL DESCRIPTION
Extent 48 p.
600 10 - SUBJECT ADDED ENTRY--PERSONAL NAME
Personal name Archimedes.
-- 0000158813
908 ## - PUT COMMAND PARAMETER (RLIN)
Put command parameter 080215
950 ## - LOCAL HOLDINGS (RLIN)
-- 1
Holdings
Withdrawn status Lost status Source of classification or shelving scheme Not for loan Home library Current library Date acquired Total Checkouts Full call number Barcode Date last seen Price effective from Koha item type
    Library of Congress Classification   Kabarak, Main Campus Kabarak, Main Campus 17/12/2015   QA29 .A7T59 011512 17/12/2015 17/12/2015 Children Collection